000 00641nam a22002177a 4500
001 000012362
003 DO-SdBNP
005 20180222095214.0
007 000012362
008 160530b 2000 xxu ||||| |||| 00| 0 spa d
020 _a0786844280
040 _aBPMSU
_bspa
_cBPMSU
100 1 _aGómez, Rebecca
240 1 0 _aEmperor's new groove joke book.
_hEspañol
245 1 0 _aDisney's The Emperor's new groove joke book /
_cRebecca Gómez.
260 _aNew York :
_bDisney Press,
_c2000.
300 _a59 p. :
_bil. ;
_c20 cm.
942 _2ddc
_cBK
945 _aInventariado, 2018 /LP
956 _aLOPEREZ
_b10
_c20160530
_hBPMSU
999 _c10235
_d10235